Open Letters to Sir Syed Ahmed Khan/ (Record no. 18551)
[ view plain ]
| 000 -LEADER | |
|---|---|
| fixed length control field | 00523nam a22001697a 4500 |
| 003 - CONTROL NUMBER IDENTIFIER | |
| control field | BDDh-ASL |
| 005 - DATE AND TIME OF LATEST TRANSACTION | |
| control field | 20231015025719.0 |
| 008 - FIXED-LENGTH DATA ELEMENTS--GENERAL INFORMATION | |
| fixed length control field | 201013q1888 enk||||| |||| 00| 0 eng d |
| 040 ## - CATALOGING SOURCE | |
| Original cataloging agency | BDDh-ASL |
| Transcribing agency | BDDh-ASL |
| 082 ## - DEWEY DECIMAL CLASSIFICATION NUMBER | |
| Classification number | 954 |
| Item number | OPE |
| 100 1# - MAIN ENTRY--PERSONAL NAME | |
| 9 (RLIN) | 1361 |
| Personal name | Khan, Syed Ahmed |
| Titles and words associated with a name | Sir |
| 245 ## - TITLE STATEMENT | |
| Title | Open Letters to Sir Syed Ahmed Khan/ |
| Statement of responsibility, etc. | by the Son of an Old Follower of His. |
| 260 ## - PUBLICATION, DISTRIBUTION, ETC. | |
| Place of publication, distribution, etc. | London: |
| Name of publisher, distributor, etc. | Indian Political Agency, |
| Date of publication, distribution, etc. | 1888? |
| 300 ## - PHYSICAL DESCRIPTION | |
| Extent | 29 p. : |
| Dimensions | 19 cm. |
| 600 10 - SUBJECT ADDED ENTRY--PERSONAL NAME | |
| 9 (RLIN) | 1361 |
| Personal name | Khan, Syed Ahmed |
| Titles and other words associated with a name | Sir |
| General subdivision | Letters |
| 942 ## - ADDED ENTRY ELEMENTS (KOHA) | |
| Source of classification or shelving scheme | Dewey Decimal Classification |
| Koha item type | Books |
| Withdrawn status | Lost status | Source of classification or shelving scheme | Damaged status | Not for loan | Collection code | Home library | Current library | Shelving location | Date acquired | Source of acquisition | Total Checkouts | Full call number | Barcode | Date last seen | Copy number | Price effective from | Koha item type | Public note |
|---|---|---|---|---|---|---|---|---|---|---|---|---|---|---|---|---|---|---|
| Dewey Decimal Classification | Not For Loan | Non-fiction | Asiatic Society Library | Asiatic Society Library | Harrison Collection | 10/13/2020 | Donated by Prof. John B. Harrison | 954 OPE | 101743 | 10/13/2020 | C-1 | 10/13/2020 | Books | RARE |